Bezpečnostné požiadavky na prevádzkovanie stabilných protipožiarnych systémov s fluórovanými skleníkovými plynmi

Saved in:
Bibliographic Details
Main Author: Vavro, Roman, 1964- (Author)
Other Authors: Balog, Karol, 1949- (Thesis advisor)
Format: Manuscript Book
Language:Slovak
Published: STU v Bratislave MTF UBEI, 2010
Subjects:
Online Access:VAIS
Tags: Add Tag
No Tags, Be the first to tag this record!

MARC

LEADER 00000ntm a22000003a 4500
001 stu206309
005 20160719160309.0
008 100702s2010------------------------slo-d
040 |a STU  |b slo 
041 0 |a slo 
100 1 |a Vavro, Roman,  |d 1964-  |4 aut  |X 57454  |7 A000057454 
242 0 0 |a Safety requirements on operation of stabil fire extinguishing systems with fluorinated global warming gases  |y eng 
245 1 |a Bezpečnostné požiadavky na prevádzkovanie stabilných protipožiarnych systémov s fluórovanými skleníkovými plynmi 
260 |b STU v Bratislave MTF UBEI,  |c 2010 
650 7 |a bezpečnostné požiadavky  |2 stusub 
700 1 |a Balog, Karol,  |d 1949-  |4 ths  |u M5000  |U MTF Materiálovotechnologická fakulta  |T MTF Ústav bezpečnosti, environmentu a kvality  |X 243  |U M5000  |Y 85  |7 A000000243 
856 4 |a info a plný text  |u http://is.stuba.sk/zp/portal_zp.pl?podrobnosti=75593  |3 VAIS 
996 |c M*DP-8980  |l MMSKP  |s P  |a 0  |w stu206309_0001